000 00458nam a2200181Ia 4500
001 22820
005 20260414150856.0
008 260414t2011||||xx |||||||||||||| ||spa||
041 _aESP
082 _a624.10299
_bG12
100 _aGadea Sáinz, Jesús
_eAUT
245 0 _aMateriales de construcción :
_bproblemas de granulometría
260 _c2011
300 _a182 páginas :
_c24 cm.
650 _a0
654 _aCIC
942 _cLIB
_dJUS
_fJUS
_2ddc
_n
999 _c22820
_d22820